Premier League Chelsea's Top Scorers Quiz Stats

 Plays Quiz Updated May 28, 2019

Score 0/32 Timer 08:00
13 Plays Today
Goals Player % Correct
104Didier Drogba
96.9%
147Frank Lampard
96.4%
41John Terry
90.6%
52Diego Costa
80.6%
27Joe Cole
79%
59Gianfranco Zola
75.6%
28Willian
75.1%
38Nicolas Anelka
71.2%
35Florent Malouda
62.4%
28Pedro
61.9%
21Oscar
61.4%
69Jimmy Floyd Hasselbaink
61.1%
17Michael Essien
61.1%
36Salomon Kalou
59%
85Eden Hazard
59%
17Michael Ballack
57.4%
Goals Player % Correct
54Eidur Gudjohnsen
53.3%
22Branislav Ivanovic
48.9%
20Fernando Torres
48.6%
33Dennis Wise
46.4%
34Tore-Andre Flo
44.4%
20Hernan Crespo
42.7%
21Gianluca Vialli
40.3%
17Ramires
38.9%
36Gustavo Poyet
34.1%
18Juan Mata
33.7%
25Mark Hughes
30.7%
17Frank Leboeuf
21.4%
18Dan Petrescu
19%
36John Spencer
16.7%
21Mark Stein
14.5%
17Gavin Peacock
12.8%

You're not logged in!

Compare scores with friends on all Sporcle quizzes.
OR
Log In

Sporcle TV

Today on Sporcle TV


Watch our educational content, quiz creation guides, and fun videos on Sporcle TV.

Show Comments

Extras

Top Quizzes Today


Score Distribution

Your Account Isn't Verified!

In order to create a playlist on Sporcle, you need to verify the email address you used during registration. Go to your Sporcle Settings to finish the process.

Report this User

Report this user for behavior that violates our Community Guidelines.

Details: